Southville International School and Colleges
Your cart is empty.
  • Cart
  • Lists
    Public lists list_1 View all
    Your lists Log in to create your own lists
  • Log in to your account
  • Your cookies
  • Search history
Southville International School and Colleges
  • Advanced search
  • Recent comments
  • Most popular
  • Libraries

Log in to your account

Log in with GOOGLE


If you do not have an external account, but do have a local account, you can still log in:

  1. Home
  2. MARC view: English 1 :
Normal view MARC view ISBD view

English 1 : (Record no. 48402)

[ view plain ]
MARC details
000 -LEADER
fixed length control field 00626nam a2200193Ia 4500
008 - FIXED-LENGTH DATA ELEMENTS--GENERAL INFORMATION
fixed length control field 140321s9999 xx 000 0 und d
020 ## - INTERNATIONAL STANDARD BOOK NUMBER
International Standard Book Number 9710871170
050 ## - LIBRARY OF CONGRESS CALL NUMBER
Classification number PE 1112
Item number .J86 2011
100 ## - MAIN ENTRY--PERSONAL NAME
Personal name Joven, Jose R.
245 ## - TITLE STATEMENT
Title English 1 :
Remainder of title creative and critical thinking fpr communicative skills /
Statement of responsibility, etc Jose R. Joven.
260 ## - PUBLICATION, DISTRIBUTION, ETC. (IMPRINT)
Place of publication, distribution, etc Mandaluyong City :
Name of publisher, distributor, etc National Book Store,
Date of publication, distribution, etc c2011.
300 ## - PHYSICAL DESCRIPTION
Extent 149 p. :
Dimensions 23 cm.
500 ## - GENERAL NOTE
General note Includes bibliographical references.
521 ## - TARGET AUDIENCE NOTE
Target audience note
650 ## - SUBJECT ADDED ENTRY--TOPICAL TERM
Topical term or geographic name as entry element English language
General subdivision Composition and exercises.
650 ## - SUBJECT ADDED ENTRY--TOPICAL TERM
Topical term or geographic name as entry element English language
General subdivision Grammar.
942 ## - ADDED ENTRY ELEMENTS (KOHA)
Call number prefix Local
Koha item type Books
Holdings
Withdrawn status Lost status Damaged status Home library Current library Shelving location Date acquired Total Checkouts Full call number Barcode Date last seen Price effective from Koha item type
      College Library College Library Reserve Section 03/21/2014   PE 1112 .J86 2011 C17685 10/30/2014 03/21/2014 Books

English 1 :

APA

Joven J. R., . (2011). English 1. Mandaluyong City: National Book Store.

Chicago

Joven Jose R, . 2011. English 1. Mandaluyong City: National Book Store.

Harvard

Joven J. R., . (2011). English 1. Mandaluyong City: National Book Store.

MLA

Joven Jose R, . English 1. Mandaluyong City: National Book Store. 2011.

  • Place hold
  • Print
  • Cite
  • Add to your cart (remove)
  • Save record
    BIBTEX Dublin Core MARCXML MARC (non-Unicode/MARC-8) MARC (Unicode/UTF-8) MARC (Unicode/UTF-8, Standard) MODS (XML) RIS
  • More searches
    Search for this title in:
    Other Libraries (WorldCat) Other Databases (Google Scholar) Online Stores (Bookfinder.com) Open Library (openlibrary.org)

Exporting to Dublin Core...

SOUTHVILLE LIBRARY

Southville International School and Colleges Library

1281 Tropical Ave. Cor. Luxembourg St., BF Homes International, Las Pinas City

Tel. No. 8256374 / 252358 Loc. 117/146

Powered by Koha